000 00464nam a2200145Ia 4500
003 OSt
005 20260123085548.0
008 211028s2016 xx 000 0 und d
040 _cAIMIT LIBRARY
041 _aeng
100 _aD Souza, Aaron Christopher; Wright, Rowena.
_g1416007
_97427
245 _aEffectiveness of online advertising on R S realty pronotions a real estate firm in Mangalore /
260 _aMangalore
_bRowena Wright.
_c2016
942 _2ddc
_cPRO
999 _c218997
_d218997